000 00924nac a22002655a 4500
008 090303t2008 nyua fr|||| 001 0 eng d
010 _a 2007016421
020 _a0415418666 (pbk)
020 _a9780415418669 (pbk)
040 _aEG-ScBUE
_beng
_cEG-ScBUE
082 0 4 _a624.1821
_bTRA
_222
100 1 _aTrahair, N.S.
_923285
245 1 4 _aThe Behaviour and Design of Steel Structures to EC3 /
_cN.S. Trahair ... [et al.].
250 _a4th ed.
260 _aNew York :
_bTaylor & Francis,
_cc.2008.
300 _axxii, 490 p. :
_bill. ;
_c24 cm.
500 _aIndex : p. 487-490.
504 _aBibliography : p. 485-486.
590 _acatalogued by: Mostafa El-Helaly
650 0 _aBuilding, Iron and steel.
_923286
_2BUEsh
651 _2BUEsh
653 _cAugust2015
856 4 1 _3Table of contents only
_uhttp://www.loc.gov/catdir/toc/ecip0716/2007016421.html
942 _cBB
_k624.1821TRA
_2ddc
999 _c7979
_d7979